[Event "GER-chT U14"]
[Site "Lingen"]
[Date "2011.12.30"]
[Round "7.3"]
[White "Angrick, Philipp"]
[Black "Le Hong, Quang Anh"]
[Result "1/2-1/2"]
[WhiteElo "1821"]
[BlackElo "1309"]
[PlyCount "63"]
[EventDate "2011.12.27"]
[EventType "team-swiss"]
[EventRounds "7"]
[EventCountry "GER"]
[SourceTitle "EXT 2022"]
[Source "ChessBase"]
[SourceDate "2021.10.06"]
[SourceVersion "1"]
[SourceVersionDate "2021.10.06"]
[SourceQuality "1"]
[WhiteTeam "Leipzig Gruen Weiss U14"]
[BlackTeam "Merseburg U14"]
[WhiteTeamCountry "GER"]
[BlackTeamCountry "GER"]

1. e4 c5 2. c3 Nf6 3. e5 Nd5 4. d4 cxd4 5. cxd4 e6 6. Nc3 d6 7. Nf3 Nc6 8. exd6 Bxd6 9. Nxd5 exd5 10. Be2 Bf5 11. 0-0 0-0 12. Bg5 f6 13. Be3 Be4 14. Nd2 Bg6 15. Qb3 Kh8 16. Kh1 Bc7 17. Bf3 Bf7 18. Rac1 Qd6 19. g3 Bb6 20. Rfd1 g5 21. Nb1 h5 22. Nc3 Ne7 23. Nb5 Qd7 24. Qb4 Rfd8 25. a4 a6 26. Nc3 Ba7 27. a5 h4 28. Na4 hxg3 29. hxg3 Kg7 30. Kg2 Rh8 31. Rh1 g4 32. Be2 1/2-1/2

[Event "GER-chT U14"]
[Site "Lingen"]
[Date "2011.12.28"]
[Round "3.3"]
[White "Reimann, Matthias"]
[Black "Angrick, Philipp"]
[Result "0-1"]
[WhiteElo "1476"]
[BlackElo "1821"]
[PlyCount "74"]
[EventDate "2011.12.27"]
[EventType "team-swiss"]
[EventRounds "7"]
[EventCountry "GER"]
[SourceTitle "EXT 2022"]
[Source "ChessBase"]
[SourceDate "2021.10.06"]
[SourceVersion "1"]
[SourceVersionDate "2021.10.06"]
[SourceQuality "1"]
[WhiteTeam "Goeggingen U14"]
[BlackTeam "Leipzig Gruen Weiss U14"]
[WhiteTeamCountry "GER"]
[BlackTeamCountry "GER"]

1. c4 e5 2. Nc3 Nf6 3. g3 c6 4. Bg2 d5 5. cxd5 cxd5 6. d4 exd4 7. Qxd4 Nc6 8. Qd1 Bb4 9. Bd2 0-0 10. a3 Bxc3 11. Bxc3 d4 12. Bd2 Re8 13. Nf3 d3 14. e3 Bg4 15. 0-0 Ne5 16. Bc3 Nxf3+ 17. Bxf3 Bxf3 18. Qxf3 Ne4 19. Bb4 Qd7 20. Rad1 Ng5 21. Qh5 Qf5 22. Kg2 Re6 23. h4 Qh3+ 24. Kg1 Rg6 25. Rxd3 Ne4 26. Bc5 Rg5 27. Rfd1 h6 28. Rd8+ Rxd8 29. Rxd8+ Kh7 30. Qxf7 Rxc5 31. Rg8 Qg4 32. Qf8 Nf6 33. Rh8+ Kg6 34. Qb8 Rd5 35. Qxb7 Qf3 36. Kh2 Ng4+ 37. Kg1 Rd1# 0-1

[Event "GER-chT U14"]
[Site "Lingen"]
[Date "2011.12.27"]
[Round "2.3"]
[White "Angrick, Philipp"]
[Black "Sander, Jean Louis"]
[Result "1-0"]
[WhiteElo "1821"]
[BlackElo "1816"]
[PlyCount "39"]
[EventDate "2011.12.27"]
[EventType "team-swiss"]
[EventRounds "7"]
[EventCountry "GER"]
[SourceTitle "EXT 2022"]
[Source "ChessBase"]
[SourceDate "2021.10.06"]
[SourceVersion "1"]
[SourceVersionDate "2021.10.06"]
[SourceQuality "1"]
[WhiteTeam "Leipzig Gruen Weiss U14"]
[BlackTeam "Hamburger SK U14"]
[WhiteTeamCountry "GER"]
[BlackTeamCountry "GER"]

1. e4 c5 2. c3 g6 3. d4 cxd4 4. cxd4 d5 5. exd5 Nf6 6. Nc3 Bg7 7. Nf3 0-0 8. Bd3 Nxd5 9. 0-0 Nc6 10. Nxd5 Qxd5 11. Be3 Rd8 12. Rc1 Bg4 13. Bc4 Qd6 14. Bxf7+ Kxf7 15. Ng5+ Kg8 16. Qxg4 Nxd4 17. Rfd1 Qe5 18. Bxd4 Rxd4 19. Rxd4 Qxd4 20. Qxd4 1-0

[Event "GER-ch U12"]
[Site "Oberhof"]
[Date "2011.06.12"]
[Round "2"]
[White "Burg, Niclas"]
[Black "Angrick, Philipp"]
[Result "0-1"]
[WhiteElo "1311"]
[BlackElo "1834"]
[PlyCount "76"]
[EventDate "2011.06.11"]
[EventType "swiss"]
[EventRounds "11"]
[EventCountry "GER"]
[SourceTitle "CBM 142 Extra"]
[Source "ChessBase"]
[SourceDate "2011.06.27"]
[SourceVersion "1"]
[SourceVersionDate "2011.06.27"]
[SourceQuality "1"]

1. e4 c5 2. Nf3 Nc6 3. d4 cxd4 4. Nxd4 g6 5. Nc3 Bg7 6. Be3 Nf6 7. f3 0-0 8. Qd2 d5 9. Nxc6 bxc6 10. exd5 cxd5 11. 0-0-0 Qa5 12. a3 Rb8 13. Nxd5 Qxd2+ 14. Rxd2 Nxd5 15. Rxd5 Bxb2+ 16. Kd1 Be6 17. Ra5 Bc3 18. Rxa7 Rb1+ 19. Ke2 Bc4+ 20. Kf2 Be1+ 21. Kg1 Bxf1 22. Kxf1 Bc3+ 23. Ke2 Rxh1 24. Bc5 Rxh2 25. Bxe7 Re8 26. Kf2 Bd4+ 27. Kg3 Bxa7 28. Kxh2 Rxe7 29. Kg3 Rc7 30. a4 Rxc2 31. a5 Ra2 32. Kh4 Rxa5 33. g4 Bb8 34. f4 h6 35. f5 g5+ 36. Kh5 Ra1 37. Kxh6 Bf4 38. f6 Rh1# 0-1

[Event "Sachsen-ch U12"]
[Site "Sebnitz"]
[Date "2011.04.27"]
[Round "2"]
[White "Essler, Oskar"]
[Black "Angrick, Philipp"]
[Result "1/2-1/2"]
[WhiteElo "1511"]
[BlackElo "1782"]
[PlyCount "88"]
[EventDate "2011.04.26"]
[EventType "swiss"]
[EventRounds "7"]
[EventCountry "GER"]
[SourceTitle "EXT 2012"]
[Source "ChessBase"]
[SourceDate "2011.11.24"]
[SourceVersion "1"]
[SourceVersionDate "2011.11.24"]
[SourceQuality "1"]

1. e4 c5 2. Nf3 Nc6 3. d4 cxd4 4. Nxd4 g6 5. Nc3 Bg7 6. Be3 Nf6 7. f3 0-0 8. Bc4 Na5 9. Be2 d5 10. e5 Nd7 11. e6 Nb6 12. exf7+ Rxf7 13. Bf2 e5 14. Nb3 Nxb3 15. axb3 Be6 16. 0-0 a6 17. Kh1 d4 18. Ne4 Nd5 19. Bc4 b5 20. Nc5 bxc4 21. Nxe6 Qc8 22. bxc4 Qxe6 23. cxd5 Qxd5 24. Qd3 Qb7 25. b3 a5 26. Bg3 Rc7 27. Rfe1 Rc3 28. Qe2 Qc6 29. Ra2 Re3 30. Qd2 Rxe1+ 31. Qxe1 Qd5 32. h3 Kf7 33. Qe4 Qxe4 34. fxe4 Ke6 35. Kg1 Bf8 36. Be1 Bc5 37. Kf1 Bb6 38. Ke2 Kd7 39. Kd3 Kc6 40. Kc4 Ra7 41. c3 Rd7 42. Rd2 dxc3 43. Kxc3 Rxd2 44. Bxd2 Kb5 1/2-1/2

[Event "Leipzig VfB op 18th"]
[Site "Leipzig"]
[Date "2011.03.26"]
[Round "7"]
[White "Angrick, Philipp"]
[Black "Reinsdorf, Christin"]
[Result "0-1"]
[WhiteElo "1837"]
[BlackElo "1706"]
[PlyCount "72"]
[EventDate "2011.03.20"]
[EventType "swiss"]
[EventRounds "9"]
[EventCountry "GER"]
[SourceTitle "CBM 141 Extra"]
[Source "ChessBase"]
[SourceDate "2011.05.03"]
[SourceVersion "1"]
[SourceVersionDate "2011.05.03"]
[SourceQuality "1"]

1. e4 c6 2. d4 d5 3. exd5 cxd5 4. Bd3 Nc6 5. c3 Nf6 6. Bf4 Bg4 7. Qb3 Na5 8. Qa4+ Bd7 9. Qc2 Rc8 10. Nd2 Qb6 11. Ngf3 Bb5 12. Ne5 Bxd3 13. Qxd3 e6 14. 0-0 Be7 15. b4 Nc6 16. Nb3 Nxe5 17. Bxe5 Qc6 18. Rfc1 Bd6 19. Bxd6 Qxd6 20. Nc5 b6 21. Nb3 0-0 22. a4 Qc6 23. a5 Qc4 24. Qxc4 Rxc4 25. axb6 axb6 26. Ra6 Rb8 27. f3 Ne8 28. Kf2 Nc7 29. Ra2 Nb5 30. Rac2 Rbc8 31. Ke1 Rxc3 32. Rxc3 Rxc3 33. Rxc3 Nxc3 34. Kd2 Nb5 35. Kd3 Kf8 36. g4 Ke7 0-1

[Event "Leipzig VfB op 18th"]
[Site "Leipzig"]
[Date "2011.03.26"]
[Round "8"]
[White "Theer, Tino"]
[Black "Angrick, Philipp"]
[Result "0-1"]
[WhiteElo "1584"]
[BlackElo "1837"]
[PlyCount "56"]
[EventDate "2011.03.20"]
[EventType "swiss"]
[EventRounds "9"]
[EventCountry "GER"]
[SourceTitle "CBM 141 Extra"]
[Source "ChessBase"]
[SourceDate "2011.05.03"]
[SourceVersion "1"]
[SourceVersionDate "2011.05.03"]
[SourceQuality "1"]

1. Nf3 d5 2. d4 Nf6 3. g3 c6 4. Bg2 Bf5 5. 0-0 e6 6. h3 Be7 7. a3 0-0 8. Nh4 Be4 9. f3 Bg6 10. Nxg6 hxg6 11. e4 Kh7 12. Nc3 Na6 13. Ne2 Nc7 14. Kf2 Nd7 15. Rh1 Rh8 16. Rh2 e5 17. c3 exd4 18. cxd4 c5 19. Be3 cxd4 20. Bxd4 dxe4 21. fxe4 Bf6 22. Rb1 Ne6 23. Rh1 Nxd4 24. Nxd4 Qb6 25. Ke3 Nf8 26. Rf1 Ne6 27. Rxf6 gxf6 28. Qb3 Qxd4+ 0-1

[Event "Leipzig VfB op 18th"]
[Site "Leipzig"]
[Date "2011.03.22"]
[Round "1"]
[White "Angrick, Philipp"]
[Black "Moloney, Nicholas"]
[Result "0-1"]
[WhiteElo "1837"]
[BlackElo "2190"]
[PlyCount "84"]
[EventDate "2011.03.20"]
[EventType "swiss"]
[EventRounds "9"]
[EventCountry "GER"]
[SourceTitle "CBM 141 Extra"]
[Source "ChessBase"]
[SourceDate "2011.05.03"]
[SourceVersion "1"]
[SourceVersionDate "2011.05.03"]
[SourceQuality "1"]

1. e4 c5 2. c3 Nf6 3. e5 Nd5 4. d4 cxd4 5. cxd4 e6 6. Nc3 Nxc3 7. bxc3 d6 8. f4 dxe5 9. fxe5 Qh4+ 10. Kd2 Nc6 11. Nf3 Qd8 12. Bd3 Be7 13. Ke2 Bd7 14. Bf4 Rc8 15. Rf1 Na5 16. Qe1 Qc7 17. Bd2 Nc4 18. Bxc4 Qxc4+ 19. Kf2 0-0 20. Kg1 Qd3 21. Qd1 Bb5 22. Rf2 Rc6 23. Ne1 Qe4 24. Rf4 Qd5 25. Qh5 f5 26. Rf3 Be2 27. Nc2 Bxf3 28. gxf3 g6 29. Qh3 Qc4 30. Qf1 Rfc8 31. Ne3 Qxf1+ 32. Nxf1 Rb6 33. Kf2 Rb2 34. Ke3 Rc6 35. Be1 Ra6 36. a4 b5 37. Kd3 Rxa4 38. Rxa4 bxa4 39. c4 Rb1 40. Ke2 a3 41. Ne3 a2 42. Nc2 Rb2 0-1

[Event "GER-chT U12"]
[Site "Gross Doelln"]
[Date "2010.12.30"]
[Round "7.2"]
[White "Mager, Denis"]
[Black "Angrick, Philipp"]
[Result "1/2-1/2"]
[WhiteElo "1780"]
[BlackElo "1510"]
[PlyCount "120"]
[EventDate "2010.12.27"]
[EventType "team-swiss"]
[EventRounds "7"]
[EventCountry "GER"]
[SourceTitle "CBM 140 Extra"]
[Source "ChessBase"]
[SourceDate "2011.03.01"]
[SourceVersion "1"]
[SourceVersionDate "2011.03.01"]
[SourceQuality "1"]
[WhiteTeam "Frankfurt Makkabi U12"]
[BlackTeam "Leipzig BSG Chemie U12"]
[WhiteTeamCountry "GER"]
[BlackTeamCountry "GER"]

1. d4 d5 2. Nf3 Nf6 3. c4 c6 4. e3 Bf5 5. Nc3 e6 6. Bd3 Bxd3 7. Qxd3 Nbd7 8. e4 dxe4 9. Nxe4 Nxe4 10. Qxe4 Nf6 11. Qe2 Be7 12. 0-0 Qc7 13. Ne5 0-0 14. Bf4 Bd6 15. Rad1 Rad8 16. Rd3 Rfe8 17. Rg3 Nd7 18. Re1 Nxe5 19. dxe5 Bf8 20. h3 Rd4 21. Be3 Re4 22. f4 g6 23. Qc2 Rxe3 24. Rgxe3 Bc5 25. Kh1 Bxe3 26. Rxe3 Kg7 27. Rd3 Rd8 28. Qd2 Rxd3 29. Qxd3 Qa5 30. a3 Qe1+ 31. Kh2 Qf2 32. Qg3 Qxb2 33. Qd3 Qf2 34. Qe4 Qd2 35. c5 Qc3 36. Qb1 Qxa3 37. Qxb7 Qxc5 38. Qd7 Qc4 39. Qd2 a5 40. Qxa5 Qxf4+ 41. Kh1 Qc1+ 42. Kh2 c5 43. Qc7 c4 44. Qc6 Qf4+ 45. Kh1 Qc1+ 46. Kh2 Qf4+ 47. Kh1 Qxe5 48. Qxc4 f5 49. Qc6 Kf6 50. Qd7 h5 51. Qd8+ Kg7 52. Qe7+ Kh6 53. Qf8+ Kg5 54. Qd8+ Kf4 55. Qh4+ Ke3 56. Qe1+ Kd4 57. Qd2+ Ke4 58. Qe2+ Kd5 59. Qb5+ Ke4 60. Qe2+ Kd5 1/2-1/2

[Event "GER-ch U12"]
[Site "Oberhof"]
[Date "2010.05.28"]
[Round "9"]
[White "Hamid, Emran"]
[Black "Angrick, Philipp"]
[Result "1-0"]
[WhiteElo "1700"]
[BlackElo "1528"]
[PlyCount "120"]
[EventDate "2010.05.22"]
[EventType "swiss"]
[EventRounds "11"]
[EventCountry "GER"]
[SourceTitle "CBM 136 Extra"]
[Source "ChessBase"]
[SourceDate "2010.07.02"]
[SourceVersion "2"]
[SourceVersionDate "2010.07.15"]
[SourceQuality "1"]

1. c4 e5 2. g3 Nf6 3. Bg2 d5 4. cxd5 Nxd5 5. Nc3 Ne7 6. Nf3 Nbc6 7. 0-0 g6 8. d3 Bg7 9. Bd2 0-0 10. Rb1 a5 11. a3 f5 12. Qc1 Rf7 13. b4 axb4 14. axb4 Qf8 15. b5 Nd8 16. Ng5 Rf6 17. Nd5 Rd6 18. Bb4 Bh6 19. Bxd6 cxd6 20. f4 exf4 21. gxf4 Nxd5 22. Bxd5+ Kh8 23. Ra1 Rxa1 24. Qxa1+ Bg7 25. Qa8 h6 26. Nf7+ Nxf7 27. Bxf7 Qxf7 28. Qxc8+ Kh7 29. Qc4 Qe7 30. e4 Qh4 31. exf5 Qg4+ 32. Kh1 Qxf5 33. Qe4 Qxb5 34. f5 gxf5 35. Qxf5+ Qxf5 36. Rxf5 b6 37. Kg2 Bd4 38. Kf3 Kg6 39. Rd5 Bc5 40. d4 Bb4 41. Rb5 Ba5 42. Ke4 Kf6 43. h3 Ke6 44. h4 Be1 45. h5 Ba5 46. Rb2 Ke7 47. Kd5 Kd7 48. Rg2 Bb4 49. Rg7+ Ke8 50. Rg6 b5 51. Rxh6 Ba3 52. Rg6 Kf7 53. Rg3 Bc1 54. Rb3 Bf4 55. Rxb5 Kg7 56. Rb6 Kh6 57. Rxd6+ Kxh5 58. Rf6 Bg5 59. Rf5 Kg6 60. Rxg5+ Kxg5 1-0

[Event "GER-ch U12"]
[Site "Oberhof"]
[Date "2010.05.26"]
[Round "7"]
[White "Bluhm, Sonja Maria"]
[Black "Angrick, Philipp"]
[Result "1/2-1/2"]
[WhiteElo "1709"]
[BlackElo "1528"]
[PlyCount "37"]
[EventDate "2010.05.22"]
[EventType "swiss"]
[EventRounds "11"]
[EventCountry "GER"]
[SourceTitle "CBM 136 Extra"]
[Source "ChessBase"]
[SourceDate "2010.07.02"]
[SourceVersion "2"]
[SourceVersionDate "2010.07.15"]
[SourceQuality "1"]

1. e4 e5 2. Nf3 Nc6 3. Bc4 Nf6 4. d3 Bc5 5. c3 a6 6. Bb3 0-0 7. Bg5 d6 8. Nbd2 Be6 9. Bc2 d5 10. Qe2 d4 11. Nf1 Be7 12. Bd2 Nd7 13. Ng3 b5 14. Nf5 Bf6 15. g4 g6 16. Nh6+ Kh8 17. h4 a5 18. Qf1 Bg7 19. Qg2 1/2-1/2

[Event "GER-ch U12"]
[Site "Oberhof"]
[Date "2010.05.24"]
[Round "4"]
[White "Angrick, Philipp"]
[Black "Kollars, Dmitrij"]
[Result "0-1"]
[WhiteElo "1528"]
[BlackElo "1611"]
[PlyCount "92"]
[EventDate "2010.05.22"]
[EventType "swiss"]
[EventRounds "11"]
[EventCountry "GER"]
[SourceTitle "CBM 136 Extra"]
[Source "ChessBase"]
[SourceDate "2010.07.02"]
[SourceVersion "2"]
[SourceVersionDate "2010.07.15"]
[SourceQuality "1"]

1. e4 c5 2. c3 d5 3. exd5 Qxd5 4. d4 Nf6 5. Nf3 Bg4 6. Be2 e6 7. Bf4 Nc6 8. 0-0 Be7 9. Qd3 0-0 10. Na3 Rfd8 11. Nb5 Qd7 12. Ne5 Nxe5 13. Bxe5 Bxe2 14. Qxe2 a6 15. Na3 b5 16. Rfd1 Qc6 17. Rac1 Rac8 18. Nc2 h6 19. Rd3 Ne8 20. Rg3 Bf6 21. Qh5 Bxe5 22. Qxe5 Qd6 23. Qe3 Kh7 24. Rd1 Nf6 25. Rd3 Nd5 26. Qf3 Qf4 27. Qd1 Nf6 28. Rdf3 Qe4 29. h3 cxd4 30. Nxd4 e5 31. Qc1 Qxd4 32. Rxf6 Qd1+ 33. Qxd1 Rxd1+ 34. Kh2 gxf6 35. Rf3 Rd6 36. Kg3 Rg8+ 37. Kh4 Rxg2 38. Kh5 Kg7 39. Rg3+ Rxg3 40. fxg3 e4 41. Kg4 Re6 42. h4 e3 43. c4 e2 44. cxb5 e1Q 45. bxa6 Qe2+ 46. Kf5 Qf3# 0-1

[Event "GER-ch U12"]
[Site "Oberhof"]
[Date "2010.05.23"]
[Round "2"]
[White "Angrick, Philipp"]
[Black "Bentel, Robin"]
[Result "1/2-1/2"]
[WhiteElo "1528"]
[BlackElo "1642"]
[PlyCount "95"]
[EventDate "2010.05.22"]
[EventType "swiss"]
[EventRounds "11"]
[EventCountry "GER"]
[SourceTitle "CBM 136 Extra"]
[Source "ChessBase"]
[SourceDate "2010.07.02"]
[SourceVersion "2"]
[SourceVersionDate "2010.07.15"]
[SourceQuality "1"]

1. e4 Nf6 2. e5 Nd5 3. c4 Nb6 4. d4 d6 5. f4 dxe5 6. fxe5 c5 7. d5 Bf5 8. Bd3 Bxd3 9. Qxd3 e6 10. d6 Qh4+ 11. g3 Qxc4 12. Qxc4 Nxc4 13. Nf3 Nd7 14. Bf4 Nxb2 15. Ke2 Na4 16. Rc1 Rc8 17. Nbd2 h6 18. Rab1 Rb8 19. Nc4 g5 20. Be3 Bg7 21. h3 0-0 22. g4 b5 23. Na5 Rfc8 24. h4 Nxe5 25. hxg5 Nxg4 26. d7 Rd8 27. Nc6 Nc3+ 28. Rxc3 Bxc3 29. Bxc5 Ba5 30. Be7 Rxd7 31. Nxb8 Rxe7 32. Nc6 Rc7 33. Nxa5 Rc2+ 34. Nd2 a6 35. gxh6 Rxa2 36. Nab3 Nxh6 37. Kd3 Nf5 38. Ne4 Kf8 39. Nbc5 a5 40. Nd2 b4 41. Nc4 Ke7 42. Nb7 f6 43. Nbxa5 Nd6 44. Nc6+ Kd7 45. Nxb4 Rh2 46. Nb6+ Kc7 47. N4d5+ exd5 48. Nxd5+ 1/2-1/2

[Event "GER-chT U12"]
[Site "Arendsee"]
[Date "2009.12.30"]
[Round "7.4"]
[White "Gungl, Theo"]
[Black "Angrick, Philipp"]
[Result "1/2-1/2"]
[WhiteElo "1477"]
[BlackElo "1363"]
[PlyCount "44"]
[EventDate "2009.12.27"]
[EventType "team-swiss"]
[EventRounds "7"]
[EventCountry "GER"]
[SourceTitle "EXT 2022"]
[Source "ChessBase"]
[SourceDate "2021.10.06"]
[SourceVersion "1"]
[SourceVersionDate "2021.10.06"]
[SourceQuality "1"]
[WhiteTeam "Dresden USV TU U12"]
[BlackTeam "Leipzig BSG Chemie U12"]
[WhiteTeamCountry "GER"]
[BlackTeamCountry "GER"]

1. d4 d5 2. c4 e6 3. Nc3 c6 4. Nf3 Bd6 5. e3 f5 6. Bd3 Nf6 7. Bd2 0-0 8. Qc2 Ne4 9. Rc1 Nd7 10. cxd5 exd5 11. a3 Re8 12. 0-0 Ndf6 13. b4 b5 14. Ne2 Bd7 15. Rb1 Qc7 16. Ng3 Rac8 17. Rfc1 a6 18. Be1 Re7 19. Rb3 Rce8 20. Qb1 Nxg3 21. hxg3 Ne4 22. Qb2 Re6 1/2-1/2

[Event "GER-chT U12"]
[Site "Arendsee"]
[Date "2009.12.27"]
[Round "2.4"]
[White "Hilger, Sebastian"]
[Black "Angrick, Philipp"]
[Result "1/2-1/2"]
[WhiteElo "1022"]
[BlackElo "1363"]
[PlyCount "63"]
[EventDate "2009.12.27"]
[EventType "team-swiss"]
[EventRounds "7"]
[EventCountry "GER"]
[SourceTitle "EXT 2022"]
[Source "ChessBase"]
[SourceDate "2021.10.06"]
[SourceVersion "1"]
[SourceVersionDate "2021.10.06"]
[SourceQuality "1"]
[WhiteTeam "Vaterstetten SC U12"]
[BlackTeam "Leipzig BSG Chemie U12"]
[WhiteTeamCountry "GER"]
[BlackTeamCountry "GER"]

1. e4 e5 2. Nf3 Nc6 3. Bc4 Nf6 4. d3 Bc5 5. Nc3 d6 6. Bg5 Be6 7. Qd2 Bxc4 8. dxc4 Nd4 9. Nxd4 Bxd4 10. Nd5 c6 11. Bxf6 gxf6 12. Nc3 Qa5 13. 0-0 Rg8 14. Kh1 Qb4 15. Rab1 Qxc4 16. f3 Rg6 17. Ne2 0-0-0 18. Nxd4 Qxd4 19. Qxd4 exd4 20. Rbd1 c5 21. c3 dxc3 22. bxc3 Kc7 23. c4 Ra8 24. Rf2 a6 25. Rd5 b5 26. cxb5 axb5 27. Rdd2 Kc6 28. g3 h5 29. Rd1 b4 30. Re2 Rd8 31. f4 Rgg8 32. Rd5 1/2-1/2

[Event "Sachsen-ch U10"]
[Site "Sebnitz"]
[Date "2009.04.17"]
[Round "6"]
[White "Angrick, Philipp"]
[Black "Kreyssig, Bruno"]
[Result "1/2-1/2"]
[WhiteElo "1207"]
[BlackElo "1166"]
[PlyCount "118"]
[EventDate "2009.04.14"]
[EventType "swiss"]
[EventRounds "7"]
[EventCountry "GER"]
[SourceTitle "EXT 2010"]
[Source "ChessBase"]
[SourceDate "2010.11.25"]
[SourceVersion "1"]
[SourceVersionDate "2010.11.25"]
[SourceQuality "1"]

1. e4 d5 2. exd5 Nf6 3. c4 c6 4. Nc3 Bf5 5. Nf3 g6 6. Ne5 Bg7 7. d4 0-0 8. Be3 cxd5 9. g4 Be6 10. h4 Nc6 11. Nxc6 bxc6 12. Be2 dxc4 13. h5 Qd7 14. hxg6 fxg6 15. f3 Rab8 16. Qc1 Rb7 17. Bh6 Qxd4 18. Bxg7 Kxg7 19. Rb1 Rfb8 20. Qh6+ Kf7 21. Na4 Rb4 22. Rd1 Qe5 23. Nc3 Rxb2 24. Ne4 Bxg4 25. Bxc4+ e6 26. Qe3 Nxe4 27. fxg4 Qc3+ 28. Qxc3 Nxc3 29. Rd7+ Kf6 30. 0-0+ Kg5 31. Rxa7 Ne2+ 32. Bxe2 Rxe2 33. Rxh7 Rxa2 34. Rc7 Rbb2 35. Re1 Rg2+ 36. Kh1 Rh2+ 37. Kg1 Rag2+ 38. Kf1 Kh4 39. Rxc6 Kh3 40. Re3+ Kxg4 41. Rcxe6 Kf4 42. R3e4+ Kf3 43. Re3+ Kf4 44. R6e4+ Kf5 45. Re5+ Kg4 46. R5e4+ Kh5 47. Re5+ Kh6 48. R5e4 g5 49. Re6+ Kh5 50. R3e5 Kh4 51. Rh6+ Kg3 52. Rxh2 Rxh2 53. Re3+ Kf4 54. Rd3 Kg4 55. Kg1 Re2 56. Kf1 Ra2 57. Kg1 Kf4 58. Rc3 Re2 59. Kf1 Re3 1/2-1/2

[Event "Sachsen-ch U10"]
[Site "Sebnitz"]
[Date "2009.04.17"]
[Round "5"]
[White "Essler, Oskar"]
[Black "Angrick, Philipp"]
[Result "0-1"]
[WhiteElo "1232"]
[BlackElo "1207"]
[PlyCount "140"]
[EventDate "2009.04.14"]
[EventType "swiss"]
[EventRounds "7"]
[EventCountry "GER"]
[SourceTitle "EXT 2010"]
[Source "ChessBase"]
[SourceDate "2010.11.25"]
[SourceVersion "1"]
[SourceVersionDate "2010.11.25"]
[SourceQuality "1"]

1. e4 e5 2. Nf3 Nc6 3. Bc4 Bc5 4. c3 Nf6 5. d4 exd4 6. cxd4 Bb4+ 7. Nc3 0-0 8. 0-0 Bxc3 9. e5 Ba5 10. exf6 Qxf6 11. d5 Ne5 12. Nxe5 Qxe5 13. Bd2 Bxd2 14. Qxd2 d6 15. Rfe1 Qf6 16. Rac1 Bd7 17. Rc3 Rfe8 18. Be2 Rac8 19. Rec1 Qe5 20. Bd3 c6 21. dxc6 Rxc6 22. Rxc6 Bxc6 23. h3 Qd5 24. f3 g6 25. b3 Qe5 26. Qf2 Qe3 27. Rd1 Qxf2+ 28. Kxf2 d5 29. g4 Kg7 30. f4 f6 31. h4 h6 32. b4 a6 33. Rc1 Re7 34. Bxa6 Re6 35. b5 Be8 36. Bxb7 Bxb5 37. Bxd5 Re2+ 38. Kf3 Re7 39. Rc2 Bd7 40. Rc7 Bxg4+ 41. Kxg4 Rxc7 42. a4 Ra7 43. Bc6 f5+ 44. Kf3 Kf6 45. Ke3 Ke6 46. Kd4 Kd6 47. Be8 Re7 48. Bxg6 Re4+ 49. Kd3 Rxa4 50. Ke3 Ke6 51. Kf3 Ra3+ 52. Kg2 Re3 53. h5 Re4 54. Kf3 Rc4 55. Kg3 Rc7 56. Kf3 Rc5 57. Ke3 Rd5 58. Kf3 Kd6 59. Ke3 Kc5 60. Bf7 Rd7 61. Be6 Re7 62. Kf3 Rxe6 63. Kf2 Kd4 64. Kf3 Re3+ 65. Kg2 Ke4 66. Kf2 Kxf4 67. Kg2 Rf3 68. Kh1 Kg3 69. Kg1 Rf4 70. Kh1 Rf1# 0-1

[Event "Sachsen-ch U10"]
[Site "Sebnitz"]
[Date "2009.04.17"]
[Round "7"]
[White "Teichmann, Felix"]
[Black "Angrick, Philipp"]
[Result "1-0"]
[WhiteElo "982"]
[BlackElo "1207"]
[PlyCount "75"]
[EventDate "2009.04.14"]
[EventType "swiss"]
[EventRounds "7"]
[EventCountry "GER"]
[SourceTitle "EXT 2010"]
[Source "ChessBase"]
[SourceDate "2010.11.25"]
[SourceVersion "1"]
[SourceVersionDate "2010.11.25"]
[SourceQuality "1"]

1. e4 e5 2. Nf3 Nc6 3. Bc4 Bc5 4. d3 Nf6 5. c3 d6 6. b4 Bb6 7. a4 a5 8. b5 Ne7 9. Qb3 d5 10. exd5 Nexd5 11. Bg5 Be6 12. 0-0 h6 13. Bh4 Qd6 14. Nbd2 g5 15. Bg3 g4 16. Nxe5 Nh5 17. Nxf7 Qd7 18. Nxh8 Nxg3 19. hxg3 0-0-0 20. Ng6 Z0 21. Ne4 Z0 22. Nf6 Qf7 23. Nxd5 Bxd5 24. Bxd5 Qxg6 25. Bf7 Qd6 26. Qe6+ Qxe6 27. Bxe6+ Kb8 28. Rfd1 h5 29. d4 c5 30. dxc5 Rxd1+ 31. Rxd1 Bxc5 32. Bf7 Kc7 33. Bxh5 Ba3 34. Bxg4 Kb6 35. f4 Bb2 36. c4 Kc5 37. Be2 Kb4 38. Rd7 1-0

[Event "Sachsen-ch U10"]
[Site "Sebnitz"]
[Date "2009.04.15"]
[Round "3"]
[White "Angrick, Philipp"]
[Black "Hemprich, Iustus"]
[Result "0-1"]
[WhiteElo "1207"]
[BlackElo "1267"]
[PlyCount "138"]
[EventDate "2009.04.14"]
[EventType "swiss"]
[EventRounds "7"]
[EventCountry "GER"]
[SourceTitle "EXT 2010"]
[Source "ChessBase"]
[SourceDate "2010.11.25"]
[SourceVersion "1"]
[SourceVersionDate "2010.11.25"]
[SourceQuality "1"]

1. e4 c5 2. c3 d5 3. f3 e6 4. d4 dxe4 5. fxe4 Qh4+ 6. Kd2 Qxe4 7. Bd3 Qxg2+ 8. Ne2 Nc6 9. Kc2 cxd4 10. Qg1 Qxg1 11. Rxg1 dxc3 12. Nbxc3 Nb4+ 13. Kd2 Nxd3 14. Kxd3 a6 15. a4 Nf6 16. Bg5 Be7 17. Raf1 h6 18. Bf4 g5 19. Be5 0-0 20. Bxf6 Rd8+ 21. Kc2 Bxf6 22. Rxf6 Kg7 23. Rgf1 Rd7 24. Ng3 b6 25. Nh5+ Kh7 26. R6f2 Rc7 27. Nf6+ Kg6 28. h4 Re7 29. Nce4 Bb7 30. Nd6 Bc6 31. b3 Rd8 32. h5+ Kg7 33. Rd1 Rf8 34. Kc3 Rc7 35. Kb4 a5+ 36. Ka3 Re7 37. Rc1 Bb7 38. Rc7 Rxc7 39. Nfe8+ Kg8 40. Nxc7 Bc6 41. b4 Rd8 42. Rd2 Bf3 43. bxa5 bxa5 44. Ncb5 Bxh5 45. Rh2 Bg6 46. Rxh6 Kg7 47. Rh3 Rh8 48. Rxh8 Kxh8 49. Kb2 f5 50. Kc1 e5 51. Kd1 Kh7 52. Ke1 f4 53. Nc3 Kh6 54. Kf2 Kh5 55. Kf3 g4+ 56. Kf2 Kh4 57. Kg1 Kh3 58. Nce4 g3 59. Ng5+ Kg4 60. Nde4 f3 61. Kh1 Kf4 62. Nd2 Kxg5 63. Nxf3+ Kf4 64. Nd2 e4 65. Kg2 e3 66. Nf3 Be4 67. Kh1 Bxf3+ 68. Kg1 Bg2 69. Kxg2 e2 0-1

[Event "Sachsen-ch U10"]
[Site "Sebnitz"]
[Date "2009.04.14"]
[Round "1"]
[White "Walczak, Charley"]
[Black "Angrick, Philipp"]
[Result "1-0"]
[WhiteElo "1066"]
[BlackElo "1207"]
[PlyCount "47"]
[EventDate "2009.04.14"]
[EventType "swiss"]
[EventRounds "7"]
[EventCountry "GER"]
[SourceTitle "EXT 2010"]
[Source "ChessBase"]
[SourceDate "2010.11.25"]
[SourceVersion "1"]
[SourceVersionDate "2010.11.25"]
[SourceQuality "1"]

1. e4 e5 2. Nf3 Nc6 3. Bc4 Bc5 4. c3 Nf6 5. d4 Bd6 6. Bg5 h6 7. Bh4 g5 8. Bg3 Nxe4 9. Bxe5 Nxe5 10. dxe5 Bc5 11. Qd5 Qe7 12. Qxe4 d6 13. Nbd2 g4 14. Nd4 dxe5 15. Nf5 Bxf5 16. Qxf5 Rf8 17. Rd1 Rd8 18. 0-0 Rd6 19. Ne4 Rd8 20. Nf6+ Qxf6 21. Qxf6 Be7 22. Bb5+ c6 23. Bxc6+ bxc6 24. Qxc6+ 1-0